Le Big Five - Animaux - Statistiques

Statistiques générales
  • Ce quiz a été pris 65 fois
  • Le résultat moyen est 3 sur 5
Statistiques - réponses
Réponse % Correct
Lion
95%
Élephant
83%
Rhinocéros
67%
Buffle
43%
Léopard
36%
Aucun quiz correspondant
Distribution des résultats
% des personnes avec chaque résultat
Percentile par nombre de réponses
Votre historique - résultats
Vous n’avez pas pris ce quiz